Statistics for Countries with the Most Russian Speakers

Click here to take the quiz!

General Stats

  • This quiz has been taken 89 times
  • The average score is 9 of 10

Answer Stats

PlaceStatusSpeakersAnswer% Correct
1.National137 494 893Russia
100%
2.28 853 500Ukraine
97%
5.National7 289 590Belarus
96%
3.Official10 309 500Kazakhstan
95%
7.4 701 200Uzbekistan
92%
8.Official2 591 636Kyrgyzstan
86%
9.1 963 857Tajikistan
85%
4.9 872 200Poland
81%
10.1 917 500Lithuania
73%
6.4 981 200Germany
66%

Score Distribution

Percentile by Number Answered

Percent of People with Each Score

Your Score History

You have not taken this quiz